Daughters of the flame / (Запис № 486674)

МАРК-запис
000 -LEADER
fixed length control field 01152cam a2200265Ki 4500
001 - CONTROL NUMBER
control field daughtersofflame00gric
003 - CONTROL NUMBER IDENTIFIER
control field CaSfIA
005 - DATE AND TIME OF LATEST TRANSACTION
control field 20210118001048.0
007 - PHYSICAL DESCRIPTION FIXED FIELD--GENERAL INFORMATION
fixed length control field cr||||
008 - FIXED-LENGTH DATA ELEMENTS--GENERAL INFORMATION
fixed length control field 790505s1979 nyu 000 1 eng d
040 ## - CATALOGING SOURCE
Original cataloging agency VVW
Transcribing agency VVW
Modifying agency OCLCQ
-- CaSfIA
020 ## - INTERNATIONAL STANDARD BOOK NUMBER
International Standard Book Number 0671823205 (pbk.) :
Terms of availability $2.50
020 ## - INTERNATIONAL STANDARD BOOK NUMBER
International Standard Book Number 9780671823207 (pbk.)
035 ## - SYSTEM CONTROL NUMBER
System control number (OCoLC)4930391
100 1# - MAIN ENTRY--PERSONAL NAME
Personal name Grice, Julia.
245 10 - TITLE STATEMENT
Title Daughters of the flame /
Medium [electronic resource]
Statement of responsibility, etc Julia Grice.
260 ## - PUBLICATION, DISTRIBUTION, ETC. (IMPRINT)
Place of publication, distribution, etc New York :
Name of publisher, distributor, etc Pocket Books,
Date of publication, distribution, etc c1979.
300 ## - PHYSICAL DESCRIPTION
Extent 506 p. ;
Dimensions 18 cm.
500 ## - GENERAL NOTE
General note A paperback.
506 ## - RESTRICTIONS ON ACCESS NOTE
Standardized terminology for access restriction Необхідна авторизація на https://archive.org/ (створення облікового запису безкоштовно)
506 ## - RESTRICTIONS ON ACCESS NOTE
Standardized terminology for access restriction Необхідна авторизація на https://openlibrary.org/ (створення облікового запису безкоштовно)
856 41 - ELECTRONIC LOCATION AND ACCESS
Uniform Resource Identifier <a href="http://www.archive.org/details/daughtersofflame00gric">http://www.archive.org/details/daughtersofflame00gric</a>
Public note Free eBook from the Internet Archive
856 42 - ELECTRONIC LOCATION AND ACCESS
Uniform Resource Identifier <a href="http://www.openlibrary.org/books/OL24404591M">http://www.openlibrary.org/books/OL24404591M</a>
Public note Additional information and access via Open Library
942 ## - ADDED ENTRY ELEMENTS (KOHA)
Koha item type ЕКнига

Немає доступних примірників.